[Event "Nezhmetdinov Memorial 41st"]
[Site "Kazan"]
[Date "2019.06.08"]
[Round "9"]
[White "Moiseenko, Vadim"]
[Black "Anikonov, Dmitry"]
[Result "1/2-1/2"]
[WhiteElo "2525"]
[BlackElo "2372"]
[PlyCount "93"]
[EventDate "2019.05.31"]
[EventType "swiss"]
[EventRounds "9"]
[EventCountry "RUS"]
[SourceTitle "CBM 190 Extra"]
[Source "ChessBase"]
[SourceDate "2019.07.15"]
[SourceVersion "1"]
[SourceVersionDate "2019.07.15"]
[SourceQuality "1"]

1. e4 e6 2. d4 d5 3. exd5 exd5 4. Nf3 Nc6 5. Nc3 Nf6 6. Bb5 Be7 7. Ne5 Bd7 8. 0-0 0-0 9. Re1 a6 10. Bxc6 Bxc6 11. Qf3 Nd7 12. Nd3 Bd6 13. Bf4 Qf6 14. Nxd5 Qxd4 15. Bxd6 Bxd5 16. Qf4 Qxf4 17. Bxf4 Be6 18. Bxc7 Rfc8 19. Ba5 Rxc2 20. Bc3 Bc4 21. Rad1 Nf6 22. h3 Nd5 23. Be5 Re8 24. Bxg7 Rxe1+ 25. Nxe1 Re2 26. Bd4 Bxa2 27. Nd3 Bb3 28. Rc1 Rc2 29. Re1 f6 30. Nc5 Bc4 31. Nxb7 Rd2 32. Re4 Bd3 33. Re8+ Kg7 34. Rd8 Nf4 35. Be3 Rd1+ 36. Kh2 Ne6 37. Rd6 Kf7 38. Rd7+ Kg6 39. Rd6 Kf7 40. Rb6 f5 41. Kg3 Rg1 42. Rxe6 Kxe6 43. Nc5+ Kd5 44. Nxd3 Kc4 45. Nc1 Rd1 46. Kf4 Rd5 47. g4 1/2-1/2

[Event "Nezhmetdinov Memorial 41st"]
[Site "Kazan"]
[Date "2019.06.02"]
[Round "3"]
[White "Anikonov, Dmitry"]
[Black "Frolyanov, Dmitry"]
[Result "1/2-1/2"]
[WhiteElo "2372"]
[BlackElo "2538"]
[PlyCount "60"]
[EventDate "2019.05.31"]
[EventType "swiss"]
[EventRounds "9"]
[EventCountry "RUS"]
[SourceTitle "CBM 190 Extra"]
[Source "ChessBase"]
[SourceDate "2019.07.15"]
[SourceVersion "1"]
[SourceVersionDate "2019.07.15"]
[SourceQuality "1"]

1. d4 Nf6 2. c4 e6 3. g3 d5 4. Nf3 dxc4 5. Bg2 a6 6. 0-0 Nc6 7. e3 Bd7 8. Qe2 b5 9. b3 cxb3 10. axb3 Be7 11. Bb2 0-0 12. Nc3 Nb4 13. Ne5 Rc8 14. Rfd1 Be8 15. Ba3 Bd6 16. Bxb4 Bxb4 17. Na2 Be7 18. b4 Nd5 19. Qb2 c6 20. Rdc1 a5 21. bxa5 Qxa5 22. Nc3 Qd8 23. Ne4 Nb6 24. Qb3 Kh8 25. Ra7 Na4 26. Nd3 Ra8 27. Rb7 Rb8 28. Ra7 Ra8 29. Rb7 Rb8 30. Ra7 Ra8 1/2-1/2

[Event "Moscow op-A 15th"]
[Site "Moscow"]
[Date "2019.01.30"]
[Round "5"]
[White "Anikonov, Dmitry"]
[Black "Potapov, Pavel"]
[Result "0-1"]
[WhiteElo "2371"]
[BlackElo "2516"]
[PlyCount "92"]
[EventDate "2019.01.26"]
[EventType "swiss"]
[EventRounds "9"]
[EventCountry "RUS"]
[SourceTitle "CBM 188 Extra"]
[Source "ChessBase"]
[SourceDate "2019.02.26"]
[SourceVersion "1"]
[SourceVersionDate "2019.02.26"]
[SourceQuality "1"]

1. d4 f5 2. Nf3 Nf6 3. g3 g6 4. Bg2 Bg7 5. 0-0 0-0 6. b3 d6 7. Bb2 Ne4 8. Nbd2 Nc6 9. Ne1 Ng5 10. f4 Nf7 11. Nc4 e6 12. Qd2 Rb8 13. a4 Ne7 14. Ne3 b6 15. c4 c5 16. Rd1 Bb7 17. Bxb7 Rxb7 18. d5 exd5 19. cxd5 Bxb2 20. Qxb2 Re8 21. g4 Nh6 22. g5 Nc8 23. N1g2 Nf7 24. Rf3 Re4 25. h4 h5 26. gxh6 Nxh6 27. Rg3 Rg7 28. h5 g5 29. Qc2 g4 30. Nxf5 Nxf5 31. Qxe4 Nxg3 32. Qe6+ Kh8 33. h6 Rg8 34. Rd3 Nh5 35. Qf5 Qe8 36. h7 Rg7 37. Re3 Re7 38. Rxe7 Nxe7 39. Qe6 Ng7 40. Qxd6 Nef5 41. Qe5 Qxe5 42. fxe5 Kxh7 43. e4 Nd4 44. e6 Kg6 45. e7 Kf7 46. d6 Ke6 0-1

[Event "Moscow op-A 15th"]
[Site "Moscow"]
[Date "2019.01.28"]
[Round "3"]
[White "Anikonov, Dmitry"]
[Black "Demidov, Leonid"]
[Result "1-0"]
[WhiteElo "2371"]
[BlackElo "2194"]
[PlyCount "51"]
[EventDate "2019.01.26"]
[EventType "swiss"]
[EventRounds "9"]
[EventCountry "RUS"]
[SourceTitle "CBM 188 Extra"]
[Source "ChessBase"]
[SourceDate "2019.02.26"]
[SourceVersion "1"]
[SourceVersionDate "2019.02.26"]
[SourceQuality "1"]

1. d4 d5 2. c4 e6 3. Nf3 c5 4. cxd5 exd5 5. Nc3 Nc6 6. dxc5 Bxc5 7. Qxd5 Qb6 8. Qe4+ Be6 9. e3 Nf6 10. Qb1 0-0-0 11. Be2 g6 12. 0-0 Bf5 13. e4 Bxf2+ 14. Kh1 Nxe4 15. Nxe4 Rhe8 16. Bd3 Nb4 17. Nd6+ Qxd6 18. Bxf5+ gxf5 19. Bg5 f6 20. Qxf5+ Qe6 21. Qxf6 Qe2 22. Rac1+ Kb8 23. Qf4+ Ka8 24. Bxd8 Nc6 25. Qc7 Rxd8 26. Qxd8+ 1-0

[Event "Wch Blitz"]
[Site "St Petersburg"]
[Date "2018.12.29"]
[Round "3"]
[White "Anikonov, Dmitry"]
[Black "Matlakov, Maxim"]
[Result "0-1"]
[WhiteElo "2371"]
[BlackElo "2700"]
[PlyCount "58"]
[EventDate "2018.12.29"]
[EventType "swiss (blitz)"]
[EventRounds "21"]
[EventCountry "RUS"]
[SourceTitle "CBM 187 Extra"]
[Source "ChessBase"]
[SourceDate "2018.11.04"]
[SourceVersion "1"]
[SourceVersionDate "2018.11.04"]
[SourceQuality "1"]

1. d4 Nf6 2. c4 e6 3. Nc3 Bb4 4. Qc2 d5 5. Nf3 dxc4 6. Bg5 b5 7. e4 Bb7 8. e5 Bxf3 9. gxf3 h6 10. exf6 hxg5 11. fxg7 Rg8 12. 0-0-0 Bxc3 13. bxc3 Rxg7 14. d5 exd5 15. Qf5 c6 16. Bh3 Kf8 17. f4 Na6 18. Rhg1 Qa5 19. Qc2 b4 20. Rxg5 Qa3+ 21. Kd2 d4 22. Rxg7 Qxc3+ 23. Qxc3 dxc3+ 24. Kc2 Kxg7 25. Rd4 Rh8 26. Bf1 Rxh2 27. Bxc4 Rxf2+ 28. Kc1 Nc5 29. Kd1 a5 0-1

[Event "Wch Rapid"]
[Site "St Petersburg"]
[Date "2018.12.27"]
[Round "8"]
[White "Adly, Ahmed"]
[Black "Anikonov, Dmitry"]
[Result "1-0"]
[WhiteElo "2626"]
[BlackElo "2371"]
[PlyCount "51"]
[EventDate "2018.12.26"]
[EventType "swiss (rapid)"]
[EventRounds "15"]
[EventCountry "RUS"]
[SourceTitle "CBM 187 Extra"]
[Source "ChessBase"]
[SourceDate "2018.11.04"]
[SourceVersion "1"]
[SourceVersionDate "2018.11.04"]
[SourceQuality "1"]

1. Nf3 Nf6 2. d4 e6 3. g3 c5 4. Bg2 cxd4 5. Nxd4 d5 6. 0-0 e5 7. Nb3 Be6 8. Nc3 h6 9. f4 e4 10. f5 Bc8 11. Bf4 Nc6 12. Kh1 Be7 13. Nb5 0-0 14. Qd2 Bxf5 15. Bxh6 Bg6 16. Bg5 Qd7 17. Rad1 Rad8 18. Nc3 Qc8 19. Bxf6 Bxf6 20. Rxf6 gxf6 21. Nxd5 Qe6 22. c4 Ne5 23. Nd4 Rxd5 24. cxd5 Qxd5 25. Qf4 Nd3 26. Rxd3 1-0

[Event "Khanty-Mansiysk Governor Cup 14th"]
[Site "Khanty-Mansiysk"]
[Date "2018.11.25"]
[Round "9"]
[White "Bocharov, Dmitry"]
[Black "Anikonov, Dmitry"]
[Result "1-0"]
[WhiteElo "2557"]
[BlackElo "2382"]
[PlyCount "117"]
[EventDate "2018.11.17"]
[EventType "swiss"]
[EventRounds "9"]
[EventCountry "RUS"]
[SourceTitle "CBM 187 Extra"]
[Source "ChessBase"]
[SourceDate "2018.11.04"]
[SourceVersion "1"]
[SourceVersionDate "2018.11.04"]
[SourceQuality "1"]

1. c4 c5 2. Nf3 Nf6 3. d4 e6 4. d5 exd5 5. cxd5 d6 6. Nc3 g6 7. Bf4 a6 8. a4 Bg7 9. h3 0-0 10. e3 Qe7 11. Be2 Nbd7 12. 0-0 Ne8 13. Nd2 Ne5 14. Bh2 f5 15. Qb3 g5 16. a5 f4 17. exf4 gxf4 18. Na4 Nc7 19. Nxc5 Kh8 20. Na4 Bd7 21. Nb6 Rae8 22. Nxd7 Nxd7 23. Bh5 Nc5 24. Qf3 Rd8 25. Nc4 Qg5 26. Rfe1 Nb5 27. Rad1 Nd4 28. Qg4 Qxd5 29. Nb6 Qb3 30. Re7 Nf5 31. Ree1 Qb5 32. Nd5 Nd3 33. Rxd3 Qxd3 34. Nxf4 Qd2 35. Rd1 Qxb2 36. Ne6 Qf6 37. Nxd8 Qxd8 38. Rd5 Qf6 39. Qd1 Nd4 40. Bg3 Nb5 41. Qg4 Qe7 42. Kh2 Rg8 43. Qf5 Rf8 44. Qd3 Qe1 45. Bf3 Qxa5 46. Rh5 h6 47. Qg6 Rxf3 48. gxf3 Qd2 49. Qe8+ Kh7 50. Qe4+ Kg8 51. Qxb7 Nd4 52. Qa8+ Kh7 53. Qe4+ Kg8 54. Kg2 Qc3 55. Bxd6 Nc2 56. Qe8+ Kh7 57. Qe4+ Kg8 58. Rc5 Ne1+ 59. Kg3 1-0

[Event "Chigorin Memorial 26th"]
[Site "St Petersburg"]
[Date "2018.10.29"]
[Round "3"]
[White "Anikonov, Dmitry"]
[Black "Volkov, Sergey"]
[Result "1/2-1/2"]
[WhiteElo "2382"]
[BlackElo "2568"]
[PlyCount "113"]
[EventDate "2018.10.27"]
[EventType "swiss"]
[EventRounds "9"]
[EventCountry "RUS"]
[SourceTitle "CBM 187 Extra"]
[Source "ChessBase"]
[SourceDate "2018.11.04"]
[SourceVersion "1"]
[SourceVersionDate "2018.11.04"]
[SourceQuality "1"]

1. d4 d5 2. c4 c6 3. cxd5 cxd5 4. Bg5 Nc6 5. Nc3 Qb6 6. e4 e6 7. exd5 exd5 8. Bb5 Be6 9. Nge2 Be7 10. Bxe7 Ngxe7 11. 0-0 0-0 12. Qd2 Rac8 13. Rad1 Nf5 14. Rfe1 Rfd8 15. Bxc6 Rxc6 16. Ng3 Nxg3 17. hxg3 h6 18. Ne2 Qa6 19. a3 Rc4 20. Rc1 b5 21. b3 Rxc1 22. Qxc1 Rc8 23. Qb2 Bf5 24. Rc1 Rxc1+ 25. Nxc1 Qc6 26. Ne2 Qe6 27. Qd2 Qe7 28. b4 Qe6 29. f3 g5 30. Kf2 Bg6 31. Qc3 Qa6 32. Qb3 Kg7 33. Qxd5 Qxa3 34. Qxb5 Bd3 35. Qe5+ Kg8 36. Qe3 Qb3 37. Qd2 Bxe2 38. Kxe2 Qc4+ 39. Kf2 Kf8 40. d5 Ke7 41. d6+ Kd7 42. Kg1 a6 43. Qe3 Kxd6 44. Qb6+ Qc6 45. Qd8+ Ke6 46. Kh2 Qd6 47. Qe8+ Kf6 48. b5 axb5 49. Qxb5 h5 50. Qc4 h4 51. f4 Kg6 52. Qe4+ f5 53. Qe8+ Kg7 54. Qe3 hxg3+ 55. Kxg3 Kf6 56. Qc3+ Kg6 57. Qe3 1/2-1/2

[Event "Chigorin Memorial 26th"]
[Site "St Petersburg"]
[Date "2018.10.28"]
[Round "2"]
[White "Anikonov, Dmitry"]
[Black "Ivanov, Sergei V"]
[Result "1-0"]
[WhiteElo "2382"]
[BlackElo "2055"]
[PlyCount "83"]
[EventDate "2018.10.27"]
[EventType "swiss"]
[EventRounds "9"]
[EventCountry "RUS"]
[SourceTitle "CBM 187 Extra"]
[Source "ChessBase"]
[SourceDate "2018.11.04"]
[SourceVersion "1"]
[SourceVersionDate "2018.11.04"]
[SourceQuality "1"]

1. d4 d5 2. c4 c6 3. Nf3 Nf6 4. g3 dxc4 5. Bg2 b5 6. Ne5 Bb7 7. a4 a6 8. 0-0 e6 9. b3 cxb3 10. Bb2 Be7 11. Qxb3 0-0 12. Rc1 Nd5 13. Nd2 f6 14. Nd3 Nd7 15. e4 Nc7 16. Bh3 Kh8 17. Bxe6 Nxe6 18. Qxe6 Re8 19. Qb3 Rb8 20. axb5 cxb5 21. d5 Qb6 22. Nf4 Bc5 23. Rf1 Bd4 24. Ne6 Bxb2 25. Qxb2 Ne5 26. Ra3 b4 27. Re3 a5 28. Nd4 Ba6 29. Ra1 Nd3 30. Rxd3 Bxd3 31. Nc6 Ra8 32. e5 fxe5 33. Nxe5 Bf5 34. d6 Be6 35. Ne4 Ra7 36. Rd1 Rd8 37. Qe2 Bf5 38. Ng5 Rf8 39. d7 Raa8 40. Nef7+ Kg8 41. Qc4 Be6 42. Nxe6 1-0

[Event "Voronezh op-A 22nd"]
[Site "Voronezh"]
[Date "2018.06.21"]
[Round "9"]
[White "Kyshtymov, Daniil"]
[Black "Anikonov, Dmitry"]
[Result "1/2-1/2"]
[WhiteElo "2032"]
[BlackElo "2394"]
[PlyCount "128"]
[EventDate "2018.06.12"]
[EventType "swiss"]
[EventRounds "9"]
[EventCountry "RUS"]
[SourceTitle "CBM 185 Extra"]
[Source "ChessBase"]
[SourceDate "2018.07.29"]
[SourceVersion "1"]
[SourceVersionDate "2018.07.29"]
[SourceQuality "1"]

1. e4 e6 2. d4 d5 3. Nd2 Nc6 4. c3 e5 5. dxe5 dxe4 6. Qe2 Nxe5 7. Nxe4 Qe7 8. Bf4 f5 9. Bxe5 Qxe5 10. Ng5 Qxe2+ 11. Bxe2 Nh6 12. Bc4 Bd6 13. N1f3 Bd7 14. Ne6 g6 15. 0-0 Ke7 16. Rad1 Bxe6 17. Rfe1 Rhe8 18. Rxe6+ Kf8 19. Rde1 Rxe6 20. Rxe6 Kg7 21. Bb5 Ng4 22. Re8 Rxe8 23. Bxe8 Bc5 24. Nd4 Kf6 25. Bb5 Bxd4 26. cxd4 f4 27. Bd7 Nh6 28. Kf1 Nf7 29. Bg4 Nd6 30. Ke2 Ke7 31. Kd3 Kf6 32. Bf3 b6 33. Bd5 h5 34. Bc6 g5 35. g3 g4 36. f3 fxg3 37. fxg4 h4 38. hxg3 hxg3 39. Ke2 Kg5 40. Kf3 Kh4 41. Kf4 Nb5 42. Ke5 Kxg4 43. Bg2 a5 44. a4 Nc3 45. bxc3 b5 46. Kd5 bxa4 47. Kc4 Kf4 48. Kd3 a3 49. Kc2 Ke3 50. Kb3 Kf2 51. Bc6 g2 52. Bxg2 Kxg2 53. Kxa3 Kf3 54. Ka4 Ke4 55. Kxa5 Kd3 56. Kb4 c6 57. Kb3 Ke3 58. Kc2 Ke4 59. Kb3 Ke3 60. Kc4 Kd2 61. Kb4 Kd3 62. Kb3 Ke3 63. Kc2 Ke4 64. Kd2 c5 1/2-1/2

[Event "Voronezh op-A 22nd"]
[Site "Voronezh"]
[Date "2018.06.18"]
[Round "6"]
[White "Anikonov, Dmitry"]
[Black "Golubov, Saveliy"]
[Result "1/2-1/2"]
[WhiteElo "2394"]
[BlackElo "2493"]
[PlyCount "82"]
[EventDate "2018.06.12"]
[EventType "swiss"]
[EventRounds "9"]
[EventCountry "RUS"]
[SourceTitle "CBM 185 Extra"]
[Source "ChessBase"]
[SourceDate "2018.07.29"]
[SourceVersion "1"]
[SourceVersionDate "2018.07.29"]
[SourceQuality "1"]

1. d4 Nf6 2. c4 c6 3. Nf3 d5 4. g3 dxc4 5. Bg2 b5 6. 0-0 e6 7. b3 cxb3 8. axb3 Be7 9. Qc2 Bb7 10. Nc3 0-0 11. Bg5 Na6 12. Bxf6 Bxf6 13. Ne4 Be7 14. Rfd1 Qb6 15. Rac1 Rac8 16. Nc5 Nxc5 17. dxc5 Qc7 18. Qe4 Rfd8 19. Nd4 a5 20. Rd3 b4 21. h4 Kh8 22. Qg4 g6 23. h5 Qe5 24. hxg6 hxg6 25. Nf3 Qf6 26. Rd4 Rxd4 27. Nxd4 Rc7 28. e3 Kg7 29. Qe4 Rd7 30. Qc2 e5 31. Nf3 Rd5 32. Qa2 Rxc5 33. Rxc5 Bxc5 34. Qxa5 Qd6 35. Ng5 Qd1+ 36. Kh2 Be7 37. Qxe5+ Bf6 38. Ne6+ fxe6 39. Qc7+ Kh6 40. Qxb7 Qxb3 41. Bxc6 Qc4 1/2-1/2

[Event "Voronezh op-A 22nd"]
[Site "Voronezh"]
[Date "2018.06.16"]
[Round "5"]
[White "Gabrielian, Artur"]
[Black "Anikonov, Dmitry"]
[Result "1-0"]
[WhiteElo "2506"]
[BlackElo "2394"]
[PlyCount "105"]
[EventDate "2018.06.12"]
[EventType "swiss"]
[EventRounds "9"]
[EventCountry "RUS"]
[SourceTitle "EXT 2019"]
[Source "ChessBase"]
[SourceDate "2018.10.10"]
[SourceVersion "1"]
[SourceVersionDate "2018.10.10"]
[SourceQuality "1"]

1. e4 e6 2. d4 d5 3. Nd2 Nc6 4. Ngf3 Nf6 5. e5 Nd7 6. Nb3 Be7 7. Bb5 a5 8. a4 Na7 9. Bd3 b6 10. Bd2 Bb7 11. 0-0 c5 12. dxc5 Nxc5 13. Nxc5 bxc5 14. c3 Nc6 15. Re1 Ba6 16. Bc2 Rb8 17. Rb1 Rb7 18. h3 Qb8 19. Bc1 h6 20. Nh2 Nxe5 21. Bf4 Bd6 22. Bxe5 Bxe5 23. Ng4 Bd6 24. Qxd5 Rd7 25. Qh5 Kf8 26. Rbd1 Re7 27. Ne5 Bb7 28. Nxf7 Rxf7 29. Rxe6 Be7 30. Bg6 Qf4 31. Bxf7 Qxf7 32. Qe5 Bc8 33. Rc6 Qf5 34. Qxf5+ Bxf5 35. g4 Bc2 36. Rd7 Kf7 37. Ra7 Bxa4 38. Rxc5 Rd8 39. Rcc7 Rd1+ 40. Kg2 Re1 41. b4 Bb3 42. Rxa5 Ke6 43. Ra6+ Kd5 44. Rd7+ Kc4 45. Rc6+ Kb5 46. Rcc7 Bf6 47. Rd6 Bc2 48. Rd2 Be4+ 49. f3 Bb1 50. Rc5+ Ka4 51. b5 Re7 52. b6 Rb7 53. Rb2 1-0

[Event "Voronezh op-A 22nd"]
[Site "Voronezh"]
[Date "2018.06.12"]
[Round "1"]
[White "Volkov, Roman"]
[Black "Anikonov, Dmitry"]
[Result "0-1"]
[WhiteElo "2116"]
[BlackElo "2394"]
[PlyCount "74"]
[EventDate "2018.06.12"]
[EventType "swiss"]
[EventRounds "9"]
[EventCountry "RUS"]
[SourceTitle "CBM 185 Extra"]
[Source "ChessBase"]
[SourceDate "2018.07.29"]
[SourceVersion "1"]
[SourceVersionDate "2018.07.29"]
[SourceQuality "1"]

1. e4 d6 2. d4 Nf6 3. Nc3 e5 4. Nf3 exd4 5. Nxd4 Be7 6. Bf4 0-0 7. Qd2 Nc6 8. 0-0-0 Nxd4 9. Qxd4 a6 10. f3 b5 11. g4 c5 12. Qd2 b4 13. Ne2 Be6 14. b3 Qa5 15. Kb1 Rfd8 16. Ng3 d5 17. e5 Nd7 18. Nf5 Bf8 19. Qe1 d4 20. Bd3 c4 21. Be4 d3 22. Nd4 Nc5 23. Nxe6 Nxe6 24. Be3 dxc2+ 25. Bxc2 Qxe5 26. Rxd8 Rxd8 27. bxc4 Bc5 28. Bc1 Qc7 29. Qh4 g6 30. Re1 Be7 31. Qf2 Bf6 32. Qe2 Nd4 33. Qe4 Nxc2 34. Qxc2 b3 35. Qe2 bxa2+ 36. Qxa2 Qb6+ 37. Bb2 Rd2 0-1

[Event "Dvorkovich Memorial rapid op"]
[Site "Taganrog"]
[Date "2018.01.14"]
[Round "8"]
[White "Paravyan, David"]
[Black "Anikonov, Dmitry"]
[Result "1-0"]
[WhiteElo "2603"]
[BlackElo "2407"]
[PlyCount "99"]
[EventDate "2018.01.13"]
[EventType "swiss (rapid)"]
[EventRounds "11"]
[EventCountry "RUS"]
[SourceTitle "CBM 182 Extra"]
[Source "ChessBase"]
[SourceDate "2018.02.23"]
[SourceVersion "1"]
[SourceVersionDate "2018.02.23"]
[SourceQuality "1"]

1. Nf3 d6 2. d4 Nc6 3. d5 Ne5 4. Nxe5 dxe5 5. e4 e6 6. Bb5+ Bd7 7. Bc4 Nf6 8. dxe6 Bxe6 9. Qxd8+ Rxd8 10. Bxe6 fxe6 11. f3 Bc5 12. Nd2 b5 13. a4 a6 14. Ke2 Ke7 15. Nb3 Bb6 16. Bd2 Ra8 17. Bb4+ Kf7 18. Rhd1 Rhd8 19. axb5 axb5 20. Rxa8 Rxa8 21. Bc3 c5 22. Bxe5 c4 23. Nd4 Nd7 24. Bf4 Bxd4 25. Rxd4 Nc5 26. Be5 Ra2 27. Rd8 Na4 28. Rd7+ Ke8 29. Rxg7 Nxb2 30. Ke3 Na4 31. Rb7 Rxc2 32. Rxb5 c3 33. g4 Nb2 34. Rb8+ Kf7 35. Rb7+ Kg8 36. Rg7+ Kf8 37. Rxh7 Rd2 38. Rc7 Nd1+ 39. Kf4 c2 40. h4 Rg2 41. h5 Nf2 42. Ke3 Nd1+ 43. Kd3 Nf2+ 44. Kd4 Nd1 45. Bf4 Rf2 46. h6 Rxf3 47. h7 Rh3 48. Rc8+ Kg7 49. h8Q+ Rxh8 50. Be5+ 1-0

[Event "Nezhmetdinov Memorial 39th"]
[Site "Kazan"]
[Date "2017.06.07"]
[Round "8"]
[White "Raja, Harshit"]
[Black "Anikonov, Dmitry"]
[Result "1/2-1/2"]
[WhiteElo "2334"]
[BlackElo "2388"]
[PlyCount "96"]
[EventDate "2017.05.31"]
[EventType "swiss"]
[EventRounds "9"]
[EventCountry "RUS"]
[SourceTitle "EXT 2018"]
[Source "ChessBase"]
[SourceDate "2017.10.13"]
[SourceVersion "1"]
[SourceVersionDate "2017.10.13"]
[SourceQuality "1"]

1. Nf3 Nf6 2. g3 g6 3. Bg2 Bg7 4. 0-0 0-0 5. d4 d6 6. c4 Nc6 7. Nc3 e5 8. dxe5 dxe5 9. Bg5 Be6 10. Qa4 h6 11. Rfd1 Qc8 12. Bxf6 Bxf6 13. Nd2 Nd4 14. Nde4 Be7 15. e3 Nf5 16. Nd5 c6 17. Nxe7+ Nxe7 18. Qb4 Qc7 19. Rd7 Bxd7 20. Qxe7 f5 21. Nf6+ Rxf6 22. Qxf6 Be8 23. Rd1 Qg7 24. Qd6 Bf7 25. b3 e4 26. Bf1 Be8 27. h4 Qf8 28. Qc7 Qf7 29. Qf4 Kg7 30. h5 g5 31. Qe5+ Qf6 32. Qc7+ Qf7 33. Qd6 Qf6 34. Be2 Qxd6 35. Rxd6 g4 36. c5 b6 37. Bc4 bxc5 38. Kf1 a5 39. a4 Ra7 40. Re6 Ra8 41. Rd6 Ra7 42. Rd8 Bxh5 43. Rc8 Bf7 44. Rxc6 Bxc4+ 45. bxc4 Rb7 46. Rxc5 Rb4 47. Rxa5 Rxc4 48. Ra8 Rc1+ 1/2-1/2